| 000 | 00000nam 2200000za 4500 |
| 001 | 9.630017 |
| 003 | CaOODSP |
| 005 | 20221107134302 |
| 007 | cr ||||||||||| |
| 008 | 150407s2015 xxc|||||o f|0| 0 eng d |
| 020 | |a978-1-100-25912-3 |
| 040 | |aCaOODSP|beng |
| 043 | |an-cn--- |
| 086 | 1 |aEn56-251/2015E-PDF |
| 245 | 00|aHydrometric data and information service |h[electronic resource] : |bservice standards / National Hydrological Service. |
| 260 | |aGatineau, Quebec : |bEnvironment Canada, |cc2015. |
| 300 | |a8 p. |
| 500 | |aIssued also in French under title: Service de données et d’informations hydrométriques: normes de service. |
| 692 | 07|2gccst|aHydrology |
| 775 | 08|tService de données et d'informations hydrométriques |w(CaOODSP)9.677610 |
| 856 | 40|qPDF|s337 KB|uhttps://publications.gc.ca/collections/collection_2015/ec/En56-251-2015-eng.pdf |